000 00228nam a2200097Ia 4500
008 220204s9999 xx 000 0 und d
082 _a82-3
_bCHA
100 _aChase, James Hadley
245 0 _aHave a change of scene
942 _cBK
999 _c33214
_d33214